| 000 | 00649nam a2200121Ia 4500 | ||
|---|---|---|---|
| 008 | 220615s9999||||xx |||||||||||||| ||und|| | ||
| 100 | _aBajones, Markus||Fischinger, David||Suchi, Markus||Wolf, Daniel||Weiss, Astrid||Vincze, Markus | ||
| 245 | 0 | _aChapter User Experience Results of Setting Free a Service Robot for Older Adults at Home | |
| 546 | _aEnglish[eng] | ||
| 650 | _aservice robots, personal robots, autonomous navigation, grasping, user experience at home, object recognition | ||
| 856 | _uhttps://library.oapen.org/bitstream/20.500.12657/49271/1/56864.pdf||https://library.oapen.org/bitstream/20.500.12657/49271/1/56864.pdf | ||
| 942 | _cEB | ||
| 999 |
_c10451 _d10451 |
||